Movies Quiz

Random Movies Quiz

Stand By Me Trivia Quiz Stats

Quiz not verified by Sporcle

Challenge
Share
Tweet
Embed
Score 0/26 Timer 07:00
0 Plays Today
Fact Answer % Correct
Fat kid who gets picked onVern Tessio
91.4%
Character who narrates the film who becomes a writer, lost older brother in jeep accidentGordie Lachance
90.5%
Based on novella 'The Body' by what authorStephen King
89.8%
Leader of the group, comes from lowlife famityChris Chambers
89.5%
Year the film was released 1986
89.3%
What they dodgeTrain
88%
Vern brings what to their trip to make them look good on TVComb
86.7%
What attacks them in the pondLeeches
86.3%
Boy with glasses, had his ear burned by his fatherTeddy Duchamp
86%
What the dog is told to 'sic'Balls
85.4%
Leader of the 'Cobras' gang who want to steal the body from the boysAce Merrill
78.2%
His dog's nameChopper
76.5%
Year the film is set1959
73.5%
Fact Answer % Correct
Title song is by what artistBen E. King
72.9%
Name of town the film takes placeCastle Rock
71.6%
Main character of Gordie's pie eating contest storyLardass Hogan
70.7%
Chris' brother, member of the CobrasEyeball Chambers
70.5%
Gordie's late football star brotherDenny Lachance
69.3%
State where the film takes placeOregon
69.1%
Director of the filmRob Reiner
67%
Dead boy they try to find in the woodsRay Brower
60.4%
Vern's brother, member of the CobrasBilly Tessio
45%
Narrator of the filmRichard Dreyfuss
43.2%
Junkman who insults TeddyMilo Pressman
40.1%
Other Cobras' memberCharlie Hogan
35.7%
Distributed by what companyColumbia Pictures
24.9%

You're not logged in!

Compare scores with friends on all Sporcle quizzes.
Sign Up with Email
OR
Log In

You Might Also Like...

Show Comments

Extras

Top Quizzes Today


Score Distribution

Your Account Isn't Verified!

In order to create a playlist on Sporcle, you need to verify the email address you used during registration. Go to your Sporcle Settings to finish the process.